| 000 | 00469nam a2200181Ia 4500 | ||
|---|---|---|---|
| 003 | OSt | ||
| 005 | 20250305104711.0 | ||
| 008 | 210210b1961 xxu||||| |||| 00| 0 eng d | ||
| 040 | _cAL | ||
| 041 | _akan | ||
| 082 | _a853/442 | ||
| 100 |
_aSHARMA (B S) _9161936 _dಶರ್ಮ (ಬಿ ಎಸ್) |
||
| 245 |
_aM L A _bಎಂ ಎಲ್ ಎ |
||
| 260 |
_aBengaluru _bH N Rao Brothers _c1961 |
||
| 690 |
_aKannada Drama _9161937 |
||
| 906 | _a019717 | ||
| 942 |
_2ddc _cBK |
||
| 999 |
_c143858 _d143858 |
||